000 01161naa a22003257a 4500
001 BR8501565
003 BR-BrBNA
005 20240918175555.0
007 ta
008 230509b bl.||||| |||| 00| 0 por d
040 _aBR-BrBNA
_bpor
_cBiblioteca Nacional de Agricultura
041 _a(Pt)
072 _aE10; E70
_b3840
090 _aE10 BR8501565
100 1 _aAmaral, C.M.
100 1 _aBarros, G.S.C.
100 1 _aAmaral, V. de B.
111 1 _aSeminario sobre Corretivos Agricolas
_cPiracicaba, SP (Brazil)
_d21-29 Aug 1983
245 1 _aPerspectivas de mercado para a industria de calcario
260 3 _aCampinas, SP (Brasil):
_c1985.
500 _aMalavolta, E. (ed.) Seminario sobre Corretivos Agricolas Campinas, SP (Brasil): 1985. p. 267-298 (BR8501565-AM)E10
650 _aMERCADO NACIONAL
650 _aCALCARIO
650 _aINDUSTRIA
650 _aCUSTO DE PRODUCAO
650 _aCALAGEM
773 0 _tSeminario sobre Corretivos Agricolas
_aMalavolta, E. (ed.). Fundacao Cargill, Campinas, SP (Brasil)
_wE10 BR8501565
_gCampinas, SP (Brasil), 1985. p. 267-298
909 _a202404
_bLucia
_c55
_dLucia Elande
942 _cAM
_2AGRIS
999 _c317279
_d317279